000 00263nam a22001097a 4500
008 170124b xxu||||| |||| 00| 0 eng d
020 _a9780763755836
041 _aeng
080 _23RD
_a618.2
245 _aQUICK REFERENCE TO WOUND CARE
_cBROWN, P
942 _2udc
_cBK
999 _c3467
_d3467